000 00547cam a22001337a 4500
008 180718b1979 xxu||||| |||| 00| 0 eng d
082 _aA81x54 In2/71/7/Pt10C/C
100 _aCensus of India 1971
245 _aHimachal Pradesh district census handbook, Chamba
260 _aSimla
_bThe Controller, Printing and Stationery
_c1979
300 _a331+p.
440 _aCensus of India 1971. Series-7, Himachal Pradesh. Part X-C
500 _aContents: Full count census tables on village directory and primary census abstract and departmental statistics
999 _c485116
_d485116